006540000a220009700045001000025000002450058000253000040000835200363001236500015004867730055005011 aArroyo, Luis Miguel.10a¿Hablar de Dios hoy? Una reflexión en la frontera. ano.27 (may. - jun., 2011), p. 23-30 aAnte el silencio sobre Dios que impera en la filosofía y la cultura actuales, surge la pregunta: ¿Tiene sentido hablar de Dios hoy? En busca de una respuesta, el autor de éstas páginas propone una reflexión fronteriza entre filosofía y teología, la que confronta el ateismo de L. Feuerbach con la búsqueda de la trascendencia de W. Pannerberg.14aTEOLOGÍA0 tVida nueva: Una palabra comprometida en la iglesia